Η απώλεια ενός οικείου προσώπου : από την αρχαιότητα ως σήμερα : διπλωματική εργασία [μεταπτυχιακή εργασία]

Αποθηκεύτηκε σε:
Λεπτομέρειες βιβλιογραφικής εγγραφής
Κύριος συγγραφέας: Θεολόγου, Διονυσία
Συγγραφή απο Οργανισμό/Αρχή: Πανεπιστήμιο Αιγαίου. Σχολή Ανθρωπιστικών Επιστημών. Τμήμα Επιστημών της Προσχολικής Αγωγής και του Εκπαιδευτικού Σχεδιασμού. Μεταπτυχιακό Πρόγραμμα Σπουδών Παιδικό Βιβλίο και Παιδαγωγικό Υλικό
Μορφή: Thesis Βιβλίο
Γλώσσα:Greek
Δημοσίευση: 2017.
Θέματα:
Διαθέσιμο Online:http://hdl.handle.net/11610/20303
Ετικέτες: Προσθήκη ετικέτας
Δεν υπάρχουν, Καταχωρήστε ετικέτα πρώτοι!

MARC

LEADER 00000cam a2200000 a 4500
001 1/115521
008 171130s2017####gr | ||| |||| ||gre||
040 |a GR-MyUa  |b gre  |c GR-MyUa  |e AACR2 
041 0 |a gre 
082 7 |a 306.9   |2 (23) 
100 1 |a Θεολόγου, Διονυσία. 
245 1 2 |a Η απώλεια ενός οικείου προσώπου :   |b από την αρχαιότητα ως σήμερα : διπλωματική εργασία [μεταπτυχιακή εργασία] /   |c Θεολόγου Διονυσία ; επιβλέπων καθηγητής: Παπαδόπουλος Ιωάννης.  
260 |c 2017.  
300 |a 100 σ. ;   |c 30 εκ.  
500 |a Υπάρχει ψηφιακό αντίγραφο.  
500 |a Μέλη εξεταστικής επιτροπής: Παπαηλιού Χριστίνα, Παπαδάτος Ιωάννης.  
502 |a Διατριβή (μεταπτυχιακή) – Πανεπιστήμιο Αιγαίου, Ρόδος, 2017. 
504 |a Βιβλιογραφία: σ. 96-100.  
506 1 |a Πλήρες κείμενο - Ελεύθερη δημοσίευση - Κλειδωμένη η δυνατότητα αντιγραφής.  
650 0 |a Death  |x Social aspects. 
650 0 |a Loss (Psychology) 
650 0 |a Death  |x Psychological aspects. 
650 0 |a Death  |x Religious aspects. 
650 0 |a Children and death. 
651 0 |a Greece  |x Religion. 
700 1 |a Παπαδόπουλος, Ιωάννης,  |e dgs 
710 2 |a Πανεπιστήμιο Αιγαίου.   |b Σχολή Ανθρωπιστικών Επιστημών.   |b Τμήμα Επιστημών της Προσχολικής Αγωγής και του Εκπαιδευτικού Σχεδιασμού.   |b Μεταπτυχιακό Πρόγραμμα Σπουδών Παιδικό Βιβλίο και Παιδαγωγικό Υλικό. 
852 |a INST  |b RHODES  |c DIATR  |e 20171130  |h 306.9 ΘΕΟ  |p 005400039691  |q 005400039691  |t MTXE  |y 23 
856 |u http://hdl.handle.net/11610/20303 
924 |a Θεολόγου   |b Διονυσία   |y Ρόδος  |z 2017-05  
970 |z 30-11-2017.